000 00771nam a2200229 i 4500
001 bgj
003 BPK
005 20191018141546.0
008 000202s1981 gw f |000 0 ger d
040 _cBPK
080 _a81'1
245 1 0 _aTexte und Aufgaben zur Sprachtheorie /
_chrsg. von Georg Michel, Thea Schippan und Ludwig Wilske.
260 _aLeipzig :
_bVEB Bibliographisches Institut,
_c1981.
300 _a311 s. ;
_c22 cm.
504 _aBibliogr. s. 304-307. Indeks.
650 4 _aJęzykoznawstwo
700 1 _aMichel, Georg
_eRed.
700 1 _aSchippan, Thea
_eRed.
700 1 _aWilske, Ludwig
_eRed.
856 _uhttp://koha.tu.koszalin.pl/cgi-bin/koha/opac-detail.pl?biblionumber=49549
_yKatalog online BPK
942 _cKS
_2UKD
999 _c49549
_d49549